Statistics for Feminist Theologians

Click here to take the quiz!

General Stats

  • This quiz has been taken 19 times
    (2 since last reset)
  • The average score is 5 of 23

Answer Stats

HintAnswer% Correct
Standing Again at SinaiJudith Plaskow
100%
Qur'an and WomanAmina Wadud
50%
His Religion and HersCharlotte Perkins Gilman
50%
In Memory of HerElisabeth Schüssler Fiorenza
50%
The Woman's BibleElizabeth Cady Stanton
50%
She Who IsElizabeth Johnson
50%
Gyn/EcologyMary Daly
50%
God and the Rhetoric of SexualityPhyllis Trible
50%
Sexism and God-TalkRosemary Radford Ruether
50%
En la LuchaAda Maria Isasi-Diaz
0%
Whether a Christian Woman Should Be EducatedAnna Maria van Schurman
0%
Feminist Edges of the Qur'anAysha Hidayatullah
0%
Laughter of AphroditeCarol Christ
0%
Touching Our StrengthCarter Heyward
0%
From a Broken WebCatherine Keller
0%
Sisters in the WildernessDolores S. Williams
0%
Are Women Human?Dorothy Sayers
0%
The Veil and the Male EliteFatima Mernissi
0%
Beliefs That CountGeorgia Harkness
0%
Becoming DivineGrace Jantzen
0%
White Women's Christ and Black Women's JesusJacqueline Grant
0%
Women's Speaking JustifiedMargaret Fell
0%
Engendering JudaismRachel Adler
0%

Score Distribution

Percentile by Number Answered

Percent of People with Each Score

Your Score History

You have not taken this quiz since the last reset